[Event "GRE-chT 46th"]
[Site "Rio Achaia"]
[Date "2018.07.11"]
[Round "2.5"]
[White "Dimopoulos, Dimitrios"]
[Black "Tsomis, Dimitrios"]
[Result "1-0"]
[WhiteElo "1944"]
[BlackElo "1938"]
[PlyCount "167"]
[EventDate "2018.07.10"]
[EventType "team"]
[EventRounds "7"]
[EventCountry "GRE"]
[SourceTitle "CBM 185 Extra"]
[Source "ChessBase"]
[SourceDate "2018.07.29"]
[SourceVersion "1"]
[SourceVersionDate "2018.07.29"]
[SourceQuality "1"]
[WhiteTeam "Heraklion"]
[BlackTeam "Piraikos"]
[WhiteTeamCountry "GRE"]
[BlackTeamCountry "GRE"]

1. Nf3 Nf6 2. g3 g6 3. Bg2 Bg7 4. 0-0 0-0 5. d3 c5 6. e4 d6 7. Nbd2 Nc6 8. c3 Qc7 9. Qe2 a6 10. h3 Rb8 11. d4 e5 12. dxe5 dxe5 13. Re1 b5 14. Nf1 Be6 15. Qc2 h6 16. Ne3 Rbd8 17. Nd2 c4 18. Ndf1 Rd7 19. Bd2 Rfd8 20. Rad1 Rd3 21. Bc1 Qd7 22. Kh2 Ne7 23. Nd2 Qc7 24. Bf1 R3d6 25. b3 cxb3 26. axb3 Rc6 27. Bb2 Nd7 28. Qb1 Nc5 29. c4 bxc4 30. bxc4 Rb6 31. Qc2 Rdb8 32. Bc3 Nc6 33. Nd5 Bxd5 34. cxd5 Nd4 35. Bxd4 exd4 36. Rc1 Rb2 37. Qxc5 Qxc5 38. Rxc5 Rxd2 39. Kg1 Rbb2 40. d6 d3 41. d7 Bf6 42. Rc8+ Kg7 43. d8Q Bxd8 44. Rxd8 Rxf2 45. Rxd3 Ra2 46. Rde3 a5 47. R1e2 Rfxe2 48. Rxe2 Ra1 49. Kf2 Kf6 50. Rd2 a4 51. Bc4 a3 52. Bd5 Rc1 53. Ke3 Ke7 54. Kd4 g5 55. Ra2 Rd1+ 56. Ke3 Rh1 57. Rxa3 Rxh3 58. Kf3 h5 59. Kg2 g4 60. Ra7+ Kd6 61. Rxf7 h4 62. gxh4 Rxh4 63. Kg3 Rh1 64. Kxg4 Rg1+ 65. Kf5 Rf1+ 66. Kg6 Rg1+ 67. Kf6 Rf1+ 68. Kg7 Rg1+ 69. Kf8 Rh1 70. Rf6+ Kd7 71. Kf7 Rh7+ 72. Kg6 Rh2 73. Kg5 Rg2+ 74. Kf5 Rh2 75. Ke5 Rh5+ 76. Rf5 Rh2 77. Rf7+ Ke8 78. Ke6 Rh6+ 79. Rf6 Rh8 80. e5 Kd8 81. Kd6 Kc8 82. Rg6 Rd8+ 83. Kc6 Kb8 84. Rg8 1-0

[Event "GRE-chT 43rd"]
[Site "Porto Rio"]
[Date "2015.10.10"]
[Round "4.13"]
[White "Konistis, Loukas"]
[Black "Dimopoulos, Dimitrios"]
[Result "1/2-1/2"]
[WhiteElo "2048"]
[BlackElo "1942"]
[PlyCount "128"]
[EventDate "2015.10.08"]
[EventType "team-swiss"]
[EventRounds "7"]
[EventCountry "GRE"]
[SourceTitle "CBM 168 Extra"]
[Source "ChessBase"]
[SourceDate "2015.10.29"]
[SourceVersion "1"]
[SourceVersionDate "2015.10.29"]
[SourceQuality "1"]
[WhiteTeam "New Filadelfeias"]
[BlackTeam "Heraklion"]
[WhiteTeamCountry "GRE"]
[BlackTeamCountry "GRE"]

1. Nf3 Nf6 2. g3 g6 3. Bg2 Bg7 4. 0-0 d5 5. d3 0-0 6. Nbd2 c5 7. e4 Nc6 8. c3 e5 9. a4 Re8 10. exd5 Nxd5 11. Nc4 b6 12. Re1 Bf5 13. Ng5 h6 14. Qf3 Nde7 15. Ne4 Bxe4 16. dxe4 Qc7 17. Be3 Rad8 18. Red1 Nc8 19. Bh3 N6e7 20. Bf1 Rxd1 21. Rxd1 Rd8 22. Rxd8+ Qxd8 23. a5 Qd7 24. axb6 axb6 25. b4 cxb4 26. cxb4 Nc6 27. Bxb6 Nxb4 28. Bc5 Nc6 29. Qa3 Nd4 30. Kg2 Qb7 31. f3 Kh7 32. Na5 Qb1 33. Bd3 Qd1 34. Bxd4 exd4 35. Nc4 Bf6 36. Bf1 Be7 37. Qd3 Qxd3 38. Bxd3 Bc5 39. Ne5 Kg7 40. f4 Ne7 41. Kf3 Bb4 42. h4 f6 43. Nd7 g5 44. h5 gxf4 45. gxf4 Bd6 46. e5 fxe5 47. fxe5 Bb4 48. Ke4 Bc3 49. Nb6 Bb2 50. Nc4 Bc3 51. Nd6 Bb2 52. Bb5 Bc3 53. Ne8+ Kf7 54. Nf6 Kg7 55. Ng4 Bb2 56. Bd3 Bc3 57. e6 Bb2 58. Ke5 Bc3 59. Nf2 Bb2 60. Nh3 Bc3 61. Nf4 Bb2 62. Kd6 Ba3+ 63. Kd7 Kf6 64. Ne2 Ke5 1/2-1/2

[Event "GRE-chT 43rd"]
[Site "Porto Rio"]
[Date "2015.10.08"]
[Round "2.1"]
[White "Dimopoulos, Dimitrios"]
[Black "Nikolaidis, Ioannis"]
[Result "0-1"]
[WhiteElo "1942"]
[BlackElo "2561"]
[PlyCount "64"]
[EventDate "2015.10.08"]
[EventType "team-swiss"]
[EventRounds "7"]
[EventCountry "GRE"]
[SourceTitle "CBM 168 Extra"]
[Source "ChessBase"]
[SourceDate "2015.10.29"]
[SourceVersion "1"]
[SourceVersionDate "2015.10.29"]
[SourceQuality "1"]
[WhiteTeam "Heraklion"]
[BlackTeam "Peristeriou"]
[WhiteTeamCountry "GRE"]
[BlackTeamCountry "GRE"]

1. Nf3 c5 2. g3 g6 3. Bg2 Bg7 4. d4 Qb6 5. c3 Nf6 6. 0-0 0-0 7. Nbd2 cxd4 8. cxd4 d5 9. Nb3 Nc6 10. Ne5 Bf5 11. Nxc6 Qxc6 12. Bg5 b6 13. Qd2 Rac8 14. Rfc1 Qd7 15. Bxf6 Bxf6 16. Rxc8 Rxc8 17. Rc1 Rc4 18. e3 h5 19. Bf1 Qa4 20. Bxc4 dxc4 21. Na1 Qxa2 22. Qc3 b5 23. b3 Qe2 24. Nc2 cxb3 25. Qxb3 Qd2 26. Ra1 Qxc2 27. Qxb5 Kg7 28. Qa4 Qe4 29. Qxa7 Qf3 30. Qa6 h4 31. Kf1 Bxd4 32. Ke1 Bc3+ 0-1

[Event "Ambelokipi op 153th"]
[Site "Athens"]
[Date "2015.05.20"]
[Round "3"]
[White "Dimopoulos, Dimitrios"]
[Black "Delithanasis, Dimitrios"]
[Result "0-1"]
[WhiteElo "1682"]
[BlackElo "2174"]
[PlyCount "76"]
[EventDate "2015.05.06"]
[EventType "swiss"]
[EventRounds "7"]
[EventCountry "GRE"]
[SourceTitle "EXT 2024"]
[Source "ChessBase"]
[SourceDate "2023.10.10"]
[SourceVersion "1"]
[SourceVersionDate "2023.10.10"]
[SourceQuality "1"]

1. d4 Nf6 2. c4 g6 3. Nf3 Bg7 4. h3 0-0 5. e3 b6 6. Be2 Bb7 7. 0-0 Ne4 8. Nbd2 f5 9. Qc2 c5 10. d5 Nd6 11. Rb1 e6 12. dxe6 dxe6 13. b3 Nc6 14. a3 e5 15. Bb2 Qe7 16. Rbe1 Rf7 17. Bc3 a5 18. Bb2 e4 19. Nh2 Ne5 20. f3 Rd8 21. f4 Nd3 22. Bxd3 exd3 23. Qb1 Ne4 24. Nhf3 Nc3 25. Qa1 Ne2+ 26. Kf2 Re8 27. Be5 h6 28. h4 Bxe5 29. Qxe5 Qd8 30. Qb2 Re6 31. Rh1 Qa8 32. Rh3 Rfe7 33. Ne5 Bxg2 34. Rh2 Be4 35. Nxe4 Qxe4 36. Rg2 Nxf4 37. Rg3 Rxe5 38. Qd2 Kh7 0-1

[Event "Athens Erythraias op 2rd"]
[Site "Athens"]
[Date "2015.04.16"]
[Round "7"]
[White "Dimopoulos, Dimitrios"]
[Black "Ponirakis, Dimitrios"]
[Result "0-1"]
[WhiteElo "1679"]
[BlackElo "1990"]
[PlyCount "60"]
[EventDate "2015.01.30"]
[EventType "swiss"]
[EventRounds "7"]
[EventCountry "GRE"]
[SourceTitle "EXT 2024"]
[Source "ChessBase"]
[SourceDate "2023.10.10"]
[SourceVersion "1"]
[SourceVersionDate "2023.10.10"]
[SourceQuality "1"]

1. Nf3 c5 2. c4 Nc6 3. g3 g6 4. Bg2 Bg7 5. 0-0 d6 6. Nc3 e5 7. d3 Nge7 8. a3 0-0 9. Rb1 a5 10. Bd2 Rb8 11. b4 axb4 12. axb4 Nxb4 13. Qb3 Nec6 14. Nb5 h6 15. Bc3 Be6 16. Nd2 Qe7 17. Rfc1 Rfd8 18. Ne4 f5 19. Nexd6 Qd7 20. f4 exf4 21. Bxg7 Qxg7 22. gxf4 Rxd6 23. Nxd6 Qd4+ 24. Kh1 Qxd6 25. Rf1 b5 26. Qc3 Qd4 27. Qxd4 Nxd4 28. cxb5 Nxe2 29. Bc6 Nxc6 30. bxc6 Bd5+ 0-1

[Event "GRE-chT 40th"]
[Site "Achaia"]
[Date "2012.07.01"]
[Round "2.2"]
[White "Dimopoulos, Dimitrios"]
[Black "Stathopoulos, Ioannis"]
[Result "0-1"]
[WhiteElo "1937"]
[BlackElo "2181"]
[PlyCount "94"]
[EventDate "2012.06.30"]
[EventType "team-swiss"]
[EventRounds "7"]
[EventCountry "GRE"]
[SourceTitle "CBM 149 Extra"]
[Source "ChessBase"]
[SourceDate "2012.08.24"]
[SourceVersion "1"]
[SourceVersionDate "2012.08.24"]
[SourceQuality "1"]
[WhiteTeam "Heraklion CN"]
[BlackTeam "Peristeriou"]
[WhiteTeamCountry "GRE"]
[BlackTeamCountry "GRE"]

1. Nf3 c5 2. b3 d6 3. Bb2 e5 4. e4 g6 5. Bb5+ Nc6 6. Bxc6+ bxc6 7. 0-0 Bg7 8. d3 Ne7 9. Nbd2 0-0 10. Ne1 Bh6 11. Qe2 f5 12. f3 Ba6 13. g3 Qd7 14. Ng2 Rae8 15. Nc4 Nc8 16. Rae1 Nb6 17. Bc1 Bxc1 18. Rxc1 Nxc4 19. bxc4 d5 20. Ne3 f4 21. gxf4 exf4 22. Ng4 dxc4 23. dxc4 Qd4+ 24. Qf2 h5 25. Qxd4 cxd4 26. Nf2 Bxc4 27. Nd3 Rb8 28. Rb1 Rb6 29. Rxb6 axb6 30. Rb1 b5 31. Ne5 Bxa2 32. Ra1 Bc4 33. Nxc6 d3 34. cxd3 Bxd3 35. Ra7 Bc4 36. Rb7 Ra8 37. Ne7+ Kh7 38. Nd5+ Kh6 39. Nxf4 Rf8 40. Nd5 Rxf3 41. Rb6 h4 42. Kg2 Be2 43. h3 Rg3+ 44. Kh2 Bf3 45. Nf4 Bxe4 46. Rxb5 Rf3 47. Ne6 Rf1 0-1

[Event "GRE-chT 39th"]
[Site "Eretria"]
[Date "2011.07.06"]
[Round "5.6"]
[White "Dimopoulos, Dimitrios"]
[Black "Kolomvakis, Stelios"]
[Result "1/2-1/2"]
[WhiteElo "1946"]
[BlackElo "1752"]
[PlyCount "95"]
[EventDate "2011.07.03"]
[EventType "team-swiss"]
[EventRounds "7"]
[EventCountry "GRE"]
[SourceTitle "CBM 143 Extra"]
[Source "ChessBase"]
[SourceDate "2011.08.29"]
[SourceVersion "1"]
[SourceVersionDate "2011.08.29"]
[SourceQuality "1"]
[WhiteTeam "Heraklion CC"]
[BlackTeam "Heraklion OAA"]
[WhiteTeamCountry "GRE"]
[BlackTeamCountry "GRE"]

1. e4 c5 2. c3 Nf6 3. e5 Nd5 4. d4 cxd4 5. cxd4 Nc6 6. Nf3 e6 7. Bc4 Nb6 8. Bb3 d6 9. Qe2 d5 10. 0-0 Be7 11. a3 Bd7 12. Nc3 a6 13. Be3 Rc8 14. Nd2 0-0 15. Bc2 Re8 16. f4 g6 17. g4 Na5 18. f5 Bb5 19. Bd3 Bxd3 20. Qxd3 Nac4 21. Nxc4 Nxc4 22. Rf2 Bg5 23. Bxg5 Qxg5 24. Qg3 Rf8 25. f6 b5 26. Re1 h5 27. gxh5 Qxg3+ 28. hxg3 g5 29. g4 Nxb2 30. Nxd5 Nd3 31. Ne7+ Kh7 32. Nxc8 Rxc8 33. Ree2 Nxf2 34. Kxf2 Rc4 35. Re4 a5 36. Ke2 Ra4 37. Re3 Rxd4 38. Kf3 b4 39. axb4 axb4 40. Re4 Rd3+ 41. Ke2 Rd5 42. Rxb4 Rxe5+ 43. Kf2 Ra5 44. Rb7 Kg8 45. Rb8+ Kh7 46. Rf8 Ra7 47. Kf3 Rb7 48. Kg3 1/2-1/2

[Event "Paleochora op 3rd"]
[Site "Paleochora"]
[Date "2010.07.22"]
[Round "2"]
[White "Bellia, Fabrizio"]
[Black "Dimopoulos, Dimitrios"]
[Result "1-0"]
[WhiteElo "2376"]
[BlackElo "1919"]
[PlyCount "93"]
[EventDate "2010.07.22"]
[EventType "swiss"]
[EventRounds "9"]
[EventCountry "GRE"]
[SourceTitle "CBM 137 Extra"]
[Source "ChessBase"]
[SourceDate "2010.09.01"]
[SourceVersion "1"]
[SourceVersionDate "2010.09.01"]
[SourceQuality "1"]

1. e4 c5 2. Nf3 d6 3. d4 cxd4 4. Nxd4 Nf6 5. Nc3 a6 6. Bc4 e6 7. 0-0 b5 8. Bb3 Be7 9. Qf3 Qb6 10. Be3 Qb7 11. Qg3 0-0 12. f3 Bd7 13. Nce2 Nc6 14. Nxc6 Bxc6 15. Nd4 Bd7 16. c3 Rfc8 17. a3 Bf8 18. Bg5 Ne8 19. Rad1 a5 20. Nc2 Nc7 21. Bf4 Ne8 22. Kh1 Ra6 23. Rd2 e5 24. Bg5 Be6 25. Bxe6 fxe6 26. Rfd1 Qc6 27. Qg4 Qd7 28. f4 exf4 29. Bxf4 Nf6 30. Qf3 Qb7 31. Re2 Rc4 32. Rde1 Be7 33. Bg5 h6 34. Bd2 Qa8 35. Nd4 e5 36. Nf5 Qd8 37. Qg3 Ne8 38. Bxh6 Bf6 39. Bd2 Ra7 40. Qd3 Kf8 41. b3 Rcc7 42. Qxb5 g6 43. Ne3 Rab7 44. Qa4 Rh7 45. Rf1 Kg8 46. Ng4 Be7 47. Qc4+ 1-0

[Event "GRE-chT Div-A 38th"]
[Site "Peristeri"]
[Date "2010.07.09"]
[Round "5"]
[White "Dimopoulos, Dimitrios"]
[Black "Bellos, Ioannis"]
[Result "1/2-1/2"]
[WhiteElo "1919"]
[BlackElo "1859"]
[PlyCount "117"]
[EventDate "2010.07.05"]
[EventType "team-swiss"]
[EventRounds "7"]
[EventCountry "GRE"]
[SourceTitle "CBM 137 Extra"]
[Source "ChessBase"]
[SourceDate "2010.09.01"]
[SourceVersion "1"]
[SourceVersionDate "2010.09.01"]
[SourceQuality "1"]

1. e4 Nf6 2. e5 Nd5 3. d4 d6 4. Nf3 dxe5 5. Nxe5 c6 6. Bc4 g6 7. 0-0 Bg7 8. c3 0-0 9. Nd2 Be6 10. Bb3 Nd7 11. Nxd7 Qxd7 12. Ne4 Bf5 13. Ng3 Be6 14. f4 Nf6 15. Bc2 Bg4 16. Qd3 e6 17. Bd2 Rad8 18. h3 Bf5 19. Nxf5 exf5 20. Qf3 Rfe8 21. Rae1 Nd5 22. Bd3 Nb6 23. Rxe8+ Rxe8 24. Re1 Rxe1+ 25. Bxe1 Nd5 26. Bf2 Qd6 27. g3 Nb6 28. Qe2 Kf8 29. Bc2 Nd7 30. Qc4 b5 31. Qd3 Nb6 32. Bb3 Bf6 33. d5 Nxd5 34. Bxa7 Qe7 35. Bf2 Qb7 36. Bxd5 cxd5 37. Bd4 Bxd4+ 38. Qxd4 Kg8 39. Kf2 Qc6 40. Kf3 Qa8 41. a3 h6 42. Kf2 h5 43. h4 Qc6 44. b3 Qb7 45. Qc5 Qd7 46. Qb6 Kf8 47. Qb8+ Kg7 48. Ke3 Kh7 49. Kd4 Qc6 50. Qd8 Qa6 51. Qxd5 Qf6+ 52. Kd3 Qe7 53. Qe5 Qb7 54. Qe2 Qa6 55. Kc2 Qxa3 56. Qxb5 Qa2+ 57. Kc1 Qa1+ 58. Kc2 Qa2+ 59. Kc1 1/2-1/2

[Event "Nikaia Fysiolatriko op 08th"]
[Site "Nikaia"]
[Date "2010.06.24"]
[Round "9"]
[White "Dimopoulos, Dimitrios"]
[Black "Goumas, Ioannis"]
[Result "0-1"]
[WhiteElo "1919"]
[BlackElo "2226"]
[PlyCount "78"]
[EventDate "2010.06.17"]
[EventType "swiss"]
[EventRounds "9"]
[EventCountry "GRE"]
[SourceTitle "EXT 2011"]
[Source "ChessBase"]
[SourceDate "2010.11.26"]
[SourceVersion "1"]
[SourceVersionDate "2010.11.26"]
[SourceQuality "1"]

1. Nf3 d6 2. g3 g6 3. Bg2 Bg7 4. 0-0 e5 5. d3 Ne7 6. e4 c5 7. c4 0-0 8. Nc3 Nbc6 9. Ne1 a6 10. Nc2 Nd4 11. Nxd4 cxd4 12. Nd5 Nxd5 13. cxd5 f5 14. f3 Qb6 15. b3 Bd7 16. Bd2 a5 17. Rf2 a4 18. Rb1 a3 19. Bf1 Rfc8 20. Rc1 Qa6 21. Kg2 Bb5 22. Rxc8+ Rxc8 23. Bb4 Bh6 24. Rc2 Rf8 25. Qe2 Be3 26. Qd1 fxe4 27. fxe4 h5 28. h3 Rf6 29. Kh2 Qa8 30. Bg2 Qf8 31. Bxa3 h4 32. gxh4 Rf2 33. Rxf2 Qxf2 34. Bxd6 Bf4+ 35. Kh1 Qg3 36. Kg1 Bxd3 37. h5 Be3+ 38. Kh1 Bxe4 39. Qe2 Qxh3# 0-1

[Event "GRE-chT 37th"]
[Site "Kallithea"]
[Date "2009.07.07"]
[Round "7"]
[White "Dimopoulos, Dimitrios"]
[Black "Konstantinidis, Konstantinos"]
[Result "1/2-1/2"]
[WhiteElo "1906"]
[BlackElo "1930"]
[PlyCount "87"]
[EventDate "2009.07.03"]
[EventType "team-tourn"]
[EventRounds "9"]
[EventCountry "GRE"]
[SourceTitle "CBM 131 Extra"]
[Source "ChessBase"]
[SourceDate "2009.09.03"]
[SourceVersion "2"]
[SourceVersionDate "2009.09.16"]
[SourceQuality "1"]

1. e4 d6 2. g3 g6 3. Bg2 Bg7 4. d3 e5 5. Nf3 Ne7 6. 0-0 0-0 7. c3 f5 8. exf5 gxf5 9. d4 e4 10. Ng5 h6 11. Nh3 Be6 12. Nf4 Bf7 13. Re1 Qe8 14. Bf1 Nd7 15. Na3 Nf6 16. Nc2 Kh7 17. Ne3 Nh5 18. Neg2 Nf6 19. Be2 c6 20. Bd2 Ned5 21. a4 a5 22. Nxd5 Nxd5 23. Nf4 Nxf4 24. Bxf4 Rd8 25. Qc2 Qe6 26. Kh1 Rg8 27. Qc1 Bf6 28. h4 Be7 29. Qe3 Rd7 30. Kh2 Bf8 31. Rg1 d5 32. Rad1 Bd6 33. Rdf1 Qf6 34. Rg2 Be7 35. Rfg1 Be6 36. Be5 Qf8 37. Qf4 Bd6 38. Bxd6 Qxd6 39. Qxd6 Rxd6 40. Bh5 Rd7 41. Bd1 Rf7 42. Rh1 Rfg7 43. Rhg1 Rf7 44. Rh1 1/2-1/2

[Event "GRE-ch U18"]
[Site "Greece"]
[Date "2009.01.07"]
[Round "8"]
[White "Barbagiannis, Panayotis"]
[Black "Dimopoulos, Dimitrios"]
[Result "0-1"]
[WhiteElo "1941"]
[BlackElo "1892"]
[PlyCount "56"]
[EventDate "2009.01.02"]
[EventType "swiss"]
[EventRounds "9"]
[EventCountry "GRE"]
[SourceTitle "EXT 2011"]
[Source "ChessBase"]
[SourceDate "2010.11.26"]
[SourceVersion "1"]
[SourceVersionDate "2010.11.26"]
[SourceQuality "1"]

1. d4 Nf6 2. c4 g6 3. Nc3 Bg7 4. Bg5 0-0 5. Nf3 d6 6. g3 Nbd7 7. d5 Nc5 8. Bg2 Nfe4 9. Nxe4 Nxe4 10. Bc1 Bd7 11. 0-0 Rb8 12. Nd4 Nf6 13. b4 Qc8 14. Re1 c5 15. dxc6 bxc6 16. Ba3 Ne8 17. Rb1 Qa6 18. Bb2 Rxb4 19. a3 Rb8 20. Qc2 c5 21. Nb5 Bxb5 22. cxb5 Rxb5 23. Bxg7 Nxg7 24. Qc4 Rfb8 25. a4 Rxb1 26. Qxa6 Rxe1+ 27. Bf1 Ne6 28. Kg2 Rbb1 0-1

[Event "Nikaia op 16th"]
[Site "Nikaia"]
[Date "2008.08.26"]
[Round "2"]
[White "Sienczewski, Zbigniew"]
[Black "Dimopoulos, Dimitrios"]
[Result "1/2-1/2"]
[WhiteElo "2113"]
[BlackElo "1901"]
[PlyCount "61"]
[EventDate "2008.08.25"]
[EventType "swiss"]
[EventRounds "9"]
[EventCountry "GRE"]
[SourceTitle "CBM 126 Extra"]
[Source "ChessBase"]
[SourceDate "2008.11.05"]
[SourceVersion "1"]
[SourceVersionDate "2008.11.05"]
[SourceQuality "1"]

1. Nf3 Nf6 2. g3 g6 3. Bg2 Bg7 4. c4 0-0 5. 0-0 d6 6. Nc3 e5 7. d3 c6 8. Rb1 a5 9. a3 Nbd7 10. b4 axb4 11. axb4 Qe7 12. Nd2 Nb6 13. b5 c5 14. Bb2 Be6 15. Qb3 Qd7 16. Ra1 d5 17. cxd5 Nfxd5 18. Nxd5 Nxd5 19. Nc4 f6 20. Rxa8 Rxa8 21. Ra1 Rxa1+ 22. Bxa1 Bf8 23. Qa4 Nc7 24. Bxb7 Qxb5 25. Qxb5 Nxb5 26. Kf1 Kf7 27. Bb2 Nd6 28. Ba6 Nxc4 29. Bxc4 Bxc4 30. dxc4 e4 31. f3 1/2-1/2